Регионална библиотека "Любен Каравелов" - Русе

Линейно програмиране и неговото приложение (Запис номер 59232)

MARC детайли
000 -Лидер
Контролно поле с фиксирана дължина nam a22 a 4500
003 - Код на организацията, давaща контролен номер
Контролно поле BLK
005 - Дата и час на последна редакция
Контролно поле 20220817105718.0
008 - Елементи от данни с фиксирана дължина
fixed length control field 180408b bul|||||r ||||||| ||bul||
010 ## - Наследен системен номер
LC control number KNG00063318000
040 ## - Източник на каталожния запис
Идентификатор на билиотеката - собственик на записа BLK
041 ## - Код за език
Код за езика на текст/звукозапис или на отделно заглавие Български
Код за езика КДБФ Български
080 ## - УДК
Текстов определител УДК Математическо програмиране - Линейно, нелинейно, дискретно, параметрично, стохастично, динамично и др.
УДК код - определител по УДК 519.85
УДК - код + определител 519.85
100 1# - Редна дума - Автор
Автор Данциг, Джордж
Авторска отговорност първи автор
R(LIN) 58647
139 ## - Редно поле
Редна дума Данциг, Джордж
Авторски знак Дану - Д 21
245 10 - Сведения за заглавието
Заглавие Линейно програмиране и неговото приложение
Подзаглавни данни Моногр.
Редно поле (дума) Джордж Данциг; прев. от рус. Димитър Дичев; предг. от Н. Н. Воробьов.
257 ## - Страна на издаване
Страна на създаване/издаване Германия
260 ## - Област на издателските данни
Име на издателя, разпространителя и проч. Георги Бакалов
Година на издаване 1973
Печатница Перник : печ. В. Андреев
Място на издаване, разпространение и проч. Варна
300 ## - Физическа характеристика
Страници 791 с.
Илюстрации и др. с черт., табл.
Размери/Мащаб 23 см
380 ## - Жанр
Жанр Естествени науки. Математика
500 ## - Общи забележки
Забележка Загл. на рус. ез. Линейное программирование, его применения и обобщения. - Ориг. загл. Linear programming and extensions. - Библиогр. с. 750-773. - Предм. показалец
504 ## - Забележка за наличие на библиография и др
Забележка за наличие на библиография и под. 750-773
650 #4 - Допълнително описание по предмет – тема
Основно описание – тема или топоним Линейно програмиране
9 (RLIN) 264371
653 ## - Ключова дума – ненормативна
Ключова дума линейно програмиране
700 1# - Други автори (авторска отговорност)
Лично име Дичев, Димитър
Автороска отговорност (Описва отношението между автора и произведението) прев. от рус.
9 (RLIN) 288805
700 1# - Други автори (авторска отговорност)
Лично име Воробьов, Н. Н.
Автороска отговорност (Описва отношението между автора и произведението) предг. от
9 (RLIN) 288806
852 ## - Местоположение
Форматна сигнатура Цб 71174
Фондова буква Хранилище
856 4# - Електронен адрес и достъп
Електронен формат pdf - файл
856 4# - Електронен адрес и достъп
Електронен формат pdf - файл
999 ## - СИСТЕМНИ КОНТРОЛНИ НОМЕРА
Koha biblionumber 59232
Koha biblioitemnumber 59232
942 ## - АРТИКУЛИ
Вид на библиотечния материал Книги
Скрит в OPAC Не
Периодичен библиозапис Да
944 ## - СЪЗДАВАНЕ И РЕДАКЦИЯ на ЗАПИСА
Създаване/Редакция Създаване
Дата на регистрацията/редакция 13.06.2004
Служител, извършил регистрацията/редакцията Цветанка_Енчева
944 ## - СЪЗДАВАНЕ И РЕДАКЦИЯ на ЗАПИСА
Създаване/Редакция Редакция
Дата на регистрацията/редакция 13.08.2015
999 ## - СИСТЕМНИ КОНТРОЛНИ НОМЕРА
Koha biblioitemnumber 59232
Наличности
Код за отписване Код за изгубен артикул Източник на класификационната схема Код за повреда Коз за рестрикции Код за отдаване Артикулен № Име на библиотеката - собственик Име на библиотеката, в която се намира в момента Статус (Текущо местоположение) Дата на вписване в системата Местоположение - отдел Цена в лева Инвентарен номер Систематично азбучна сигнатура Баркод Номер на екземпляра Цена в евро Служебна бележка Служебен тип на артикула
Изтеглен Не е изгубен Universal Decimal Classification Не е повреден без рестрикции ползва се в читалня 96510 Регионална библиотека "Любен Каравелов" Русе Регионална библиотека "Любен Каравелов" Русе Читалня 1993-01-01 Читалня 4.47 162927 Ч 519.85/Д 21 162927 1 2.29 Дост: Pk Вид: Ф N: стар фонд Дата: 01.01.1973 Дата инв: 15.03.2017 Бележки инв: Ч2017 Книги
  Не е изгубен Universal Decimal Classification Не е повреден само за читалня ползва се в читалня 96511 Регионална библиотека "Любен Каравелов" Русе Регионална библиотека "Любен Каравелов" Русе Хранилище 2001-01-01 Хранилище 4.47 163365 Цб 71174 120000163365 2 2.29 Дост: Dp Вид: Д N: стар фонд Дата: 01.01.2001 Книги
Изтеглен Не е изгубен Universal Decimal Classification Не е повреден без рестрикции заемане за дома 96512 Регионална библиотека "Любен Каравелов" Русе Регионална библиотека "Любен Каравелов" Русе Заемна - подръчен фонд 2001-01-01 Заемна - подръчен фонд 4.47 541872 П 519.85/Д 21 541872 3 2.29 Дост: Pk Вид: Ф N: стар фонд Дата: 01.01.2001 Книги
Vip Innovations Ltd, Rousse, Bulgaria 2025